Представление документа в формате RUSMARC

ПолеНазваниеЗначение
  Тип записи a
  Библиографический уровень m
001 Контрольный номер RU/SLIB/B/208769189
005 Дата корректировки 20201206204254.7
010 Индекс ISBN __
a ISBN 5-691-00302-x
d Цена 100-00; 30-00
101 Язык документа 1_
a Язык текста rus
c Язык оригинала rus
200 Заглавие и сведения об ответственности 1_
a Заглавие Изучение творчества А. С. Пушкина в школе. На пути к А. С. Пушкину
e Сведения, относящиеся к заглавию в 2 ч. : [пособие для учителя и учащихся]
f Первые сведения об ответственности В. Г. Маранцман
b Общее обозначение материала Текст
h Номер части Ч. 2
210 Выходные данные __
a Место издания М.
c Издательство ВЛАДОС
d Дата издания 1999
215 Физическое описание __
a Объем 317 с.
225 Серия __
a Серия Библиотека учителя-словесника
327 Примечание о содержании __
a Примечание о содержании На пути к А. С. Пушкину
330 Аннотация __
a Аннотация Особенности восприятия современными школьниками литературоведческих истолкований текстов Пушкина, приемы преподавания данной темы.
600 Персоналии __
a Персоналии (Фамилия) Пушкин, А. С.
g Полное имя Александр Сергеевич
605 Заглавие как предмет __
a Заглавие Евгений Онегин
606 Тематические рубрики __
a Основная рубрика Образование. Педагогика
606 Тематические рубрики __
a Основная рубрика Методика преподавания учебных предметов
610 Ключевые слова __
a Ключевые слова литературоведение; русская литература; методика преподавания литературы; уроки литературы; драматургия; романы в стихах; преподавание литературы
686 Индексы других классификаций __
a Классификационный индекс 74.268.39(=411.2); В74.26
700 Автор _1
a Фамилия Маранцман
b Имя В. Г.
4 Код отношения 070
801 Источник записи _0
a Страна RU
b Организация Муниципальное бюджетное учреждение культуры "Централизованная библиотечная система" г. Сургут (Центральная городская библиотека им. А. С. Пушкина)
g Правила каталогизации КиК/Гришунина; КиК/Гашева
801 Источник записи _1
a Страна RU
b Организация Муниципальное бюджетное учреждение культуры "Централизованная библиотечная система" г. Сургут (Центральная городская библиотека им. А. С. Пушкина)
g Правила каталогизации КиК/Гришунина; КиК/Гашева
852 Данные о местонахождении __
j Шифр хранения 74.268.39(=411.2)
c Каталожный индекс 74.268.3
i Авторский знак М 25
901 Тип документа __
t Тип документа m
903 Характеристики (МАРС) __
a Дата передачи 20090311; 20051111; 20050602
990 Данные о заказе (DOS) __
j Количество экземпляров (DOS) 2; 4; 12
t N записи в КСУ для И/У (DOS) 200903; 200511; 200506